| 000 | 00905cam a22002653a 4500 | ||
|---|---|---|---|
| 001 | 513 | ||
| 003 | PGUSA | ||
| 005 | 20140828082949.0 | ||
| 008 | 960501s1996||||xxu|||||s|||||000 1 eng d | ||
| 040 |
_aPGUSA _beng |
||
| 042 | _adc | ||
| 050 | 4 | _aPS | |
| 100 | 1 |
_aHawthorne, Nathaniel, _d1804-1864 |
|
| 245 | 1 | 4 |
_aThe Snow Image _h[electronic resource] / _cNathaniel Hawthorne |
| 260 |
_bProject Gutenberg, _c1996 |
||
| 505 | 0 | _aThe snow image: a childish miracle -- The great stone face -- Ethan Brand -- The Canterbury pilgrims -- The devil in manuscript -- My kinsman, Major Molineux. | |
| 506 | _aPublic domain in the USA. | ||
| 516 | _aElectronic text | ||
| 653 | _aHistorical fiction, American | ||
| 653 | _aNew England -- Social life and customs -- Fiction | ||
| 653 | _aShort stories | ||
| 830 | 0 |
_aProject Gutenberg _v513 |
|
| 856 | 4 | 0 | _uhttp://www.gutenberg.org/ebooks/513 |
| 942 | _cEB | ||
| 999 |
_c229864 _d229864 |
||